Экономика: потенциал перестройки

ग्रंथसूची विवरण
अन्य लेखक: Лебедев В. Г., Бачурин А. В., Тимохин М. Н., Румянцев А. Ф.
सारांश:Исключено из фонда НТБ ТПУ
भाषा:रूसी
प्रकाशित: Москва, Мысль, 1988
स्वरूप: MixedMaterials पुस्तक
KOHA link:https://koha.lib.tpu.ru/cgi-bin/koha/opac-detail.pl?biblionumber=247923

MARC

LEADER 00000nam0a2200000 4500
001 247923
005 20231031212224.0
010 |a 5244001175 
035 |a (RuTPU)RU\TPU\book\269547 
090 |a 247923 
100 |a 20140115d1988 k y0rusy50 ca 
101 0 |a rus 
102 |a RU 
105 |a y z 001zy 
200 1 |a Экономика: потенциал перестройки  |f В. Г. Лебедев [и др.] 
210 |a Москва  |c Мысль  |d 1988 
215 |a 317 с. 
333 |a Исключено из фонда НТБ ТПУ 
701 1 |a Лебедев  |b В. Г. 
701 1 |a Бачурин  |b А. В. 
701 1 |a Тимохин  |b М. Н. 
701 1 |a Румянцев  |b А. Ф. 
801 1 |a RU  |b 63413507  |c 20140115 
801 2 |a RU  |b 63413507  |c 20220310  |g RCR 
942 |c BK